Emergency and clinical ultrasound board review (Registro nro. 319974)

Detalles MARC
000 -ENCABEZADO
Número de control [NR] 01095nam a2200265 a 4500
005 - FECHA Y HORA DE LA ÚLTIMA TRANSACCIÓN
control field 20211103130920.0
008 - DE LONGITUD FIJA DE DATOS DE ELEMENTOS - INFORMACIÓN GENERAL
Elementos de longitud fija [NR] 120830s2020 nyua|||gr|||| 00| 0 eng d
020 ## - NUMERO INTERNACIONAL NORMALIZADO PARA LIBROS [R]
Número Internacional Normalizado del libro [NR] 9780190696825
040 ## - FUENTE DE CATALOGACION [NR]
Agencia de catalogación original [NR] CO-BoUCM
Idioma de catalogación [NR] spa
Quien Cataloga Deissy Garcia
Quien Clasifica Deissy Garcia
041 0# - CODIGO DE IDIOMA [R]
Código de idioma para texto/pista de sonido o título separado [R] Inglés
060 ## - SIGNATURA TOPOGRAFICA DE LA BIBLIOTECA NACIONAL DE MEDICINA (NLM) [R]
Número clasificador [R] WN 208
245 00 - MENCION DE TITULO [NR]
Título [NR] Emergency and clinical ultrasound board review
Mención de responsabilidad, etc. [NR] edición Alan T. Chiem, Vi Am Dinh
260 ## - PUBLICACION, DISTRIBUCION, ETC. (PIE DE IMPRENTA) [R]
Lugar de publicación, distribución, etc. [R] Nueva York
Nombre del editor, distribuidor, etc. [R] Oxford University Press
Fecha de publicación, distribución, etc. [R] 2020
300 ## - DESCRIPCION FISICA [R]
Extensión [R] xiii, 509 páginas
Otros detalles físicos [NR] ilustraciones
490 0# - MENCION DE SERIE [R]
Mención de serie [R] Medical specialty board review
500 ## - NOTA GENERAL [R]
Nota general [NR] No se encuentra disponible el acceso al recurso electrónico.
504 ## - NOTA DE BIBLIOGRAFIA, ETC. [R]
Nota de bibliografía, etc. [NR] Incluye referencias bibliográficas e índices
650 #7 - ASIENTO SECUNDARIO DE MATERIA - TERMINO TEMATICO [R]
9 (RLIN) 13155
Término temático o nombre geográfico como elemento de entrada [NR] Diagnóstico por imágenes
Subdivisión general [R] Exámenes, preguntas, etc.
650 #7 - ASIENTO SECUNDARIO DE MATERIA - TERMINO TEMATICO [R]
9 (RLIN) 13157
Término temático o nombre geográfico como elemento de entrada [NR] Diagnóstico por ultrasonido
Subdivisión general [R] Exámenes, preguntas, etc.
650 #7 - ASIENTO SECUNDARIO DE MATERIA - TERMINO TEMATICO [R]
9 (RLIN) 19141
Término temático o nombre geográfico como elemento de entrada [NR] Medicina de emergencias
Subdivisión general [R] Exámenes, preguntas, etc.
650 #7 - ASIENTO SECUNDARIO DE MATERIA - TERMINO TEMATICO [R]
9 (RLIN) 26003
Término temático o nombre geográfico como elemento de entrada [NR] Urgencias médicas
700 ## - ASIENTO SECUNDARIO - NOMBRE PERSONAL [R]
9 (RLIN) 106509
Nombre personal [NR] Alan T. Chiem
Término de relación [R] editor
700 1# - ASIENTO SECUNDARIO - NOMBRE PERSONAL [R]
9 (RLIN) 148967
Nombre personal [NR] Dinh, Vi Am
Término de relación [R] editor
942 ## - ELEMENTOS DE ENTRADA AGREGADOS (KOHA)
Tipo de ítem principal el descrito en 300a Libro
Sistema de clasificación NLM
Tema principal Medicina
Edición 1
Clasificación WN 208
Parte restante de la signatura top. E533
Título oculto en OPAC No
Existencias
Fecha de último préstamo Total préstamos Total Renewals Signatura topográfica Código de barras Última vez visto Ejemplar Costo de reposición Price effective from Tipo de ítem Perdido Sistema de clasificación Dañado No prestable Tipo de ítem específico Suprimido Ubicación habitual Ubicación actual Localización Fecha de creación Proveedor Forma de adquisición Costo
09/11/2023 4 3 WN 208 E533 100168492 11/12/2025 Ej.1 504756.00 22/10/2021 Libro   NLM     Libro   Quinta de Mutis Quinta de Mutis 2do piso 22/10/2021 157 Compra 504756.00